000 00573nam a22001937a 4500
005 20251108164335.0
008 250721s1986 xx 000 0 ara d
082 1 4 _a219.9/محم
100 1 _aالبرشومي، محمود
245 1 0 _aالعشرة المبشرين بالجنة /
264 1 _aالقاهره :
_bروز اليوسف،
_c1986.
300 _a168ص.
490 0 _aالكتاب الذهبي
650 1 7 _aالسيرة النبوية
650 1 7 _aالصحابة و التابعون
650 1 7 _aآل البيت
942 _2ddc
_cBK
999 _c9737
_d9737